| 000 | 00945nam a2200181Ia 4500 | ||
|---|---|---|---|
| 008 | 090124s9999 xx 000 0 und d | ||
| 082 | _b132146 | ||
| 100 | _aजाधव नागनाथ बा. | ||
| 245 | _a पायी वारी पंढरीची ( ज्ञानेश्र्वर महाराज पालखी सोहळ्यावर आधारित ) | ||
| 250 | _a1 | ||
| 260 | _c2003 | ||
| 300 | _a174 | ||
| 600 | _aजाधव नागनाथ बा. | ||
| 630 | _a पायी वारी पंढरीची ( ज्ञानेश्र्वर महाराज पालखी सोहळ्यावर आधारित ) | ||
| 700 | _aजाधव नागनाथ बा. | ||
| 730 | _a पायी वारी पंढरीची ( ज्ञानेश्र्वर महाराज पालखी सोहळ्यावर आधारित ) | ||
| 942 | _cBOOK | ||
| 999 |
_c178235 _d178235 |
||